[Event "4NCL Division 4 South"]
[Site "Telford, ENG"]
[Date "2016.03.19"]
[Round "7.155"]
[White "Howell, Chris I"]
[Black "Peters, Alexander John"]
[Result "1/2-1/2"]
[WhiteElo "1997"]
[BlackElo "2018"]
[PlyCount "56"]
[EventDate "2016.03.19"]
[WhiteTeam "Sussex Martlets 2"]
[BlackTeam "Iceni 1"]

1. Nf3 g6 2. g3 Bg7 3. Bg2 e5 4. d3 Ne7 5. c4 Nbc6 6. Nc3 O-O 7. O-O d6 8. Rb1
f5 9. Bd2 h6 10. b4 Qe8 11. Nd5 Nxd5 12. cxd5 Ne7 13. Qc1 Nxd5 14. Bxh6 c6 15.
Bxg7 Kxg7 16. Ng5 Nc7 17. a4 Ne6 18. b5 c5 19. Nxe6+ Qxe6 20. Qc4 Qxc4 21. dxc4
Rb8 22. Rfd1 Rd8 23. a5 Be6 24. Bd5 Kf6 25. h4 Rd7 26. Kg2 Bxd5+ 27. Rxd5 Rh8
28. Rbd1 Ke6 1/2-1/2

[Event "4NCL Division 4 South"]
[Site "Telford, ENG"]
[Date "2016.03.19"]
[Round "7.156"]
[White "Calvert, D Ian"]
[Black "Graham, Cassie M"]
[Result "1/2-1/2"]
[WhiteElo "1990"]
[BlackElo "1802"]
[PlyCount "107"]
[EventDate "2016.03.19"]
[WhiteTeam "Iceni 1"]
[BlackTeam "Sussex Martlets 2"]

1. b3 Nf6 2. Bb2 g6 3. Nf3 Bg7 4. g3 O-O 5. Bg2 d6 6. d4 c5 7. c4 Nbd7 8. O-O
cxd4 9. Nxd4 Nc5 10. Nc3 Bd7 11. Rc1 Bh6 12. e3 Bg4 13. Qd2 Qd7 14. b4 Ne6 15.
Nxe6 Bxe6 16. Nd5 Bxd5 17. cxd5 Bg7 18. Rc4 Rfc8 19. Rfc1 Rxc4 20. Rxc4 Rc8 21.
Qc2 Rxc4 22. Qxc4 Ne8 23. Bxg7 Nxg7 24. a3 Ne8 25. h3 Qc7 26. Bf1 Qxc4 27. Bxc4
Kg7 28. e4 Nf6 29. Bd3 Nd7 30. f4 Kh6 31. Kf2 g5 32. Be2 Nb6 33. Ke3 f5 34. Kd4
fxe4 35. fxg5+ Kxg5 36. Kxe4 Kf6 37. h4 Nd7 38. g4 h6 39. Kf4 Ne5 40. g5+ hxg5+
41. hxg5+ Kg6 42. a4 Kg7 43. Kf5 Ng6 44. Bh5 Nf8 45. Be8 b6 46. a5 bxa5 47.
bxa5 Kh7 48. a6 Kg7 49. Kg4 e6 50. dxe6 Nxe6 51. Bb5 Nc5 52. Kf5 d5 53. Ke5 d4
54. Kxd4 1/2-1/2

[Event "4NCL Division 4 South"]
[Site "Telford, ENG"]
[Date "2016.03.19"]
[Round "7.157"]
[White "Forster, Matthew"]
[Black "Reynolds, D Ian W"]
[Result "1/2-1/2"]
[WhiteElo "1680"]
[BlackElo "2034"]
[PlyCount "90"]
[EventDate "2016.03.19"]
[WhiteTeam "Sussex Martlets 2"]
[BlackTeam "Iceni 1"]

1. c4 e5 2. g3 Nf6 3. Bg2 c6 4. d4 exd4 5. Qxd4 Na6 6. Nf3 Bc5 7. Qe5+ Qe7 8.
Qxe7+ Bxe7 9. a3 O-O 10. O-O Nc5 11. Nbd2 d5 12. cxd5 cxd5 13. b4 Nce4 14. Nxe4
dxe4 15. Nd2 Bf5 16. Bb2 Rad8 17. Rad1 e3 18. Nc4 exf2+ 19. Kxf2 Ng4+ 20. Kg1
Be6 21. Na5 Ne3 22. Rxd8 Bxd8 23. Rc1 Bb6 24. Kh1 Nxg2 25. Kxg2 Bd5+ 26. Kh3 f5
27. Nc4 Bd8 28. Ne3 Be4 29. g4 f4 30. Nf5 Bxf5 31. gxf5 Rxf5 32. Rc8 Rf8 33.
Rb8 Bf6 34. Rxf8+ Kxf8 35. Bxf6 gxf6 36. Kg4 Kf7 37. Kxf4 Ke6 38. Ke4 f5+ 39.
Kf4 b5 40. e3 Kf6 41. h4 h5 42. e4 fxe4 43. Kxe4 Ke6 44. Kf4 Kf6 45. Ke4 Ke6
1/2-1/2

[Event "4NCL Division 4 South"]
[Site "Telford, ENG"]
[Date "2016.03.19"]
[Round "7.158"]
[White "Ruthen, Stephen W"]
[Black "Woods, Timothy J"]
[Result "1-0"]
[WhiteElo "2023"]
[BlackElo "1724"]
[PlyCount "81"]
[EventDate "2016.03.19"]
[WhiteTeam "Iceni 1"]
[BlackTeam "Sussex Martlets 2"]

1. c4 g6 2. g3 Bg7 3. Bg2 Nc6 4. Nc3 d6 5. e4 e5 6. Nge2 f5 7. d3 Nf6 8. O-O
O-O 9. Nd5 h6 10. f3 Nh5 11. Bd2 Ne7 12. Rc1 c6 13. Ndc3 Kh7 14. Be3 Ng8 15. d4
f4 16. Bf2 Qe7 17. Qd3 Qf7 18. g4 Nhf6 19. h3 g5 20. c5 dxc5 21. d5 cxd5 22.
exd5+ Qg6 23. Qxg6+ Kxg6 24. Bxc5 Rd8 25. Rfd1 Bd7 26. Bf1 Ne8 27. Ne4 Ngf6 28.
N2c3 Nxe4 29. Nxe4 Nc7 30. Be7 Re8 31. d6 Ne6 32. Bd3 Kf7 33. Bc4 b5 34. Bd5
Rab8 35. Nc5 Rxe7 36. dxe7 Kxe7 37. Nxd7 Kxd7 38. Bxe6+ Kxe6 39. Rc6+ Ke7 40.
Rc7+ Kf8 41. Rdd7 1-0

[Event "4NCL Division 4 South"]
[Site "Telford, ENG"]
[Date "2016.03.19"]
[Round "7.159"]
[White "Finn, Thomas"]
[Black "Downham, Alan F"]
[Result "0-1"]
[WhiteElo "1657"]
[BlackElo "1988"]
[PlyCount "38"]
[EventDate "2016.03.19"]
[WhiteTeam "Sussex Martlets 2"]
[BlackTeam "Iceni 1"]

1. Nc3 d5 2. e4 d4 3. Nce2 Bg4 4. h3 Bh5 5. g4 Bg6 6. Bg2 e5 7. d3 Nc6 8. h4 f6
9. f4 Bb4+ 10. c3 dxc3 11. bxc3 Bc5 12. Nf3 Qd7 13. f5 Bf7 14. d4 exd4 15. cxd4
Rd8 16. Be3 Qe7 17. Qc2 Bb6 18. Rd1 Qa3 19. Rd3 Nb4 0-1

[Event "4NCL Division 4 South"]
[Site "Telford, ENG"]
[Date "2016.03.19"]
[Round "7.160"]
[White "Feavyour, John A"]
[Black "Finn, Daniel"]
[Result "1-0"]
[WhiteElo "1983"]
[BlackElo "1444"]
[PlyCount "59"]
[EventDate "2016.03.19"]
[WhiteTeam "Iceni 1"]
[BlackTeam "Sussex Martlets 2"]

1. d4 d5 2. c4 e6 3. Nc3 Nf6 4. Bg5 Nbd7 5. cxd5 exd5 6. e3 Be7 7. Bd3 O-O 8.
Nf3 Nb6 9. Qc2 h6 10. Bh4 c6 11. O-O-O Be6 12. h3 Nbd7 13. g4 b5 14. Nd2 a5 15.
f4 Nb6 16. g5 Ne8 17. Rdg1 a4 18. f5 hxg5 19. fxe6 gxh4 20. exf7+ Rxf7 21. Bg6
Rf2 22. Rf1 Rxf1+ 23. Rxf1 Qd6 24. Qf5 Nf6 25. Nf3 Nc4 26. Ne5 Rf8 27. Qg5 Nh7
28. Rxf8+ Bxf8 29. Bf7+ Kh8 30. Ng6+ 1-0

[Event "4NCL Division 4 South"]
[Site "Telford, ENG"]
[Date "2016.03.19"]
[Round "7.165"]
[White "Davis, Lee"]
[Black "Tarr, Steve F"]
[Result "1/2-1/2"]
[WhiteElo "1977"]
[BlackElo "1900"]
[PlyCount "38"]
[EventDate "2016.03.19"]
[WhiteTeam "The Full Ponty"]
[BlackTeam "Shropshire 2"]

1. d4 Nf6 2. g3 d5 3. Bg2 e6 4. Nf3 Be7 5. O-O O-O 6. c4 dxc4 7. Qc2 a6 8. Qxc4
b5 9. Qc2 Bb7 10. Bf4 Bd6 11. Be5 Nbd7 12. Nbd2 Rc8 13. Rfd1 Qe7 14. Rac1 c5
15. Bxd6 Qxd6 16. dxc5 Rxc5 17. Qb1 Rfc8 18. Nb3 Rxc1 19. Rxc1 Rxc1+ 1/2-1/2

[Event "4NCL Division 4 South"]
[Site "Telford, ENG"]
[Date "2016.03.19"]
[Round "7.166"]
[White "Ilesanmi, Olusegun"]
[Black "Fletcher, John"]
[Result "0-1"]
[WhiteElo "1915"]
[BlackElo "1968"]
[PlyCount "88"]
[EventDate "2016.03.19"]
[WhiteTeam "Shropshire 2"]
[BlackTeam "The Full Ponty"]

1. e4 c5 2. Nf3 Nc6 3. d4 cxd4 4. Nxd4 Nf6 5. Nc3 e5 6. Ndb5 d6 7. a4 a6 8. Na3
Be6 9. Bg5 Nd4 10. Bc4 Rc8 11. Bxf6 Qxf6 12. Bxe6 fxe6 13. O-O Be7 14. Qh5+ g6
15. Qh6 Qg5 16. Qxg5 Bxg5 17. Rad1 O-O 18. g3 Be7 19. f4 d5 20. fxe5 Bxa3 21.
bxa3 Nf3+ 22. Rxf3 Rxf3 23. Ne2 Re3 24. Nf4 Rxe4 25. Nxe6 Rxe5 26. Nf4 Rxc2 27.
Nxd5 Ra2 28. Nf6+ Kg7 29. Ng4 Re7 30. Nf2 Rxa3 31. Rd4 Ra1+ 32. Kg2 Ra2 33. Kg1
Re1+ 34. Kg2 Ree2 35. Rf4 g5 36. Rf5 Kg6 37. g4 Rxa4 38. Kf3 Rxf2+ 39. Kxf2
Rf4+ 40. Rxf4 gxf4 41. Kf3 a5 42. Kxf4 a4 43. h4 a3 44. h5+ Kf7 0-1

[Event "4NCL Division 4 South"]
[Site "Telford, ENG"]
[Date "2016.03.19"]
[Round "7.167"]
[White "Davies, Peter"]
[Black "Lewis, Christopher D"]
[Result "0-1"]
[WhiteElo "2008"]
[BlackElo "1892"]
[PlyCount "58"]
[EventDate "2016.03.19"]
[WhiteTeam "The Full Ponty"]
[BlackTeam "Shropshire 2"]

1. e4 c6 2. d4 d5 3. exd5 cxd5 4. c4 Nf6 5. Nc3 e6 6. Nf3 Be7 7. Bd3 O-O 8. O-O
dxc4 9. Bxc4 Nbd7 10. Re1 Nb6 11. Bb3 Bd7 12. Ne5 Rc8 13. Qe2 Bc6 14. Nxf7 Rxf7
15. Bxe6 Bb4 16. Bxf7+ Kxf7 17. Bg5 Bxc3 18. Qe6+ Kf8 19. Bxf6 Qxf6 20. Qxf6+
gxf6 21. bxc3 Bd5 22. Re3 Na4 23. Rh3 Rc7 24. Rh5 Nxc3 25. f3 Rd7 26. Kf2 Bxa2
27. Rc5 Na4 28. Rc8+ Kf7 (28... Ke7 29. Rxa2 b5 30. Re2+ Kd6 31. Rf8 Kd5 32.
Rxf6 b4 33. Re3 Rb7 34. Ra6 Nc3 35. Rxc3 bxc3 36. Ke3 Rc7 37. Ra1 Kc4 38. d5
Kb3 39. Kd3 Kb2 40. Ra5 c2 41. Rb5+ Ka3) 29. Rf8+ Kxf8 0-1

[Event "4NCL Division 4 South"]
[Site "Telford, ENG"]
[Date "2016.03.19"]
[Round "7.168"]
[White "Kolbusz, George"]
[Black "Perrett, David C"]
[Result "1-0"]
[WhiteElo "1892"]
[BlackElo "1937"]
[PlyCount "96"]
[EventDate "2016.03.19"]
[WhiteTeam "Shropshire 2"]
[BlackTeam "The Full Ponty"]

1. d4 f5 2. g3 Nf6 3. Bg2 g6 4. Nc3 Bg7 5. e4 fxe4 6. Nxe4 O-O 7. Nxf6+ exf6 8.
Nf3 Re8+ 9. Be3 Bh6 10. Qd3 Qe7 11. Kd2 Bxe3+ 12. fxe3 d5 13. Nh4 c6 14. Rae1
f5 15. c3 b5 16. Nf3 Nd7 17. h4 a5 18. h5 Kg7 19. hxg6 hxg6 20. Nh4 Nf6 21. Bf3
b4 22. c4 Ne4+ 23. Bxe4 fxe4 24. Qe2 dxc4 25. Nxg6 c3+ 26. Kc1 Qg5 27. Ne5
cxb2+ 28. Kxb2 Rxe5 29. dxe5 Bg4 30. Qc4 Qxe5+ 31. Kb1 Rd8 32. Rc1 Rd2 33. Rc2
Rd6 34. Qc5 Qxc5 35. Rxc5 Bf3 36. Rhc1 a4 37. Rxc6 Rd3 38. Rb6 Rd7 39. Rxb4 Be2
40. Kb2 Bd3 41. Ka3 Kf6 42. Rc5 Ke6 43. Rh5 Kf6 44. Rb6+ Kg7 45. Kxa4 Rc7 46.
Ra5 Bc2+ 47. Kb4 Bd3 48. Rc5 Rxc5 1-0

[Event "4NCL Division 4 South"]
[Site "Telford, ENG"]
[Date "2016.03.19"]
[Round "7.169"]
[White "Thomas, Gary"]
[Black "Keady, Mark A"]
[Result "1-0"]
[WhiteElo "1811"]
[BlackElo "1855"]
[PlyCount "77"]
[EventDate "2016.03.19"]
[WhiteTeam "The Full Ponty"]
[BlackTeam "Shropshire 2"]

1. d4 d5 2. Nf3 c5 3. g3 Nc6 4. Bg2 Bf5 5. O-O e6 6. c4 Nf6 7. Nc3 Ne4 8. Nh4
cxd4 9. cxd5 dxc3 10. dxc6 Qxd1 11. Rxd1 bxc6 12. g4 c2 13. Rf1 Bxg4 14. Bxe4
O-O-O 15. Bxc2 Bxe2 16. Re1 Bc4 17. Be3 Be7 18. Nf3 Bf6 19. Bxa7 Bxb2 20. Rab1
Bf6 21. a4 g6 22. Ne5 Bxe5 23. Rxe5 Bd5 24. a5 Kd7 25. Bb3 Ra8 26. Bb6 Kd6 27.
Bxd5 exd5 28. Ree1 Rhc8 29. Rec1 c5 30. Rb5 d4 31. Rbxc5 Rxc5 32. Rxc5 h5 33.
Rc4 Ra6 34. Rxd4+ Ke6 35. Kg2 Ra8 36. Ra4 Ra6 37. h4 Kd5 38. Rd4+ Ke6 39. Kf3
1-0

[Event "4NCL Division 4 South"]
[Site "Telford, ENG"]
[Date "2016.03.19"]
[Round "7.170"]
[White "Maydew, Simon"]
[Black "Dixon, Chris"]
[Result "1/2-1/2"]
[WhiteElo "1817"]
[BlackElo "1803"]
[PlyCount "39"]
[EventDate "2016.03.19"]
[WhiteTeam "Shropshire 2"]
[BlackTeam "The Full Ponty"]

1. d4 Nf6 2. Nf3 g6 3. Nc3 Bg7 4. e4 d6 5. Be3 O-O 6. Qd2 a6 7. Bh6 b5 8. Bxg7
Kxg7 9. Bd3 Bb7 10. Qe3 e6 11. a4 b4 12. Ne2 Nbd7 13. O-O e5 14. dxe5 dxe5 15.
Nd2 Qe7 16. Nb3 a5 17. f3 c5 18. Bb5 Rfc8 19. Nd2 Ba6 20. Bxa6 1/2-1/2

[Event "4NCL Division 4 South"]
[Site "Telford, ENG"]
[Date "2016.03.19"]
[Round "7.175"]
[White "Pink, Joshua"]
[Black "Szymanski, Mark"]
[Result "0-1"]
[WhiteElo "1952"]
[BlackElo "1875"]
[PlyCount "80"]
[EventDate "2016.03.19"]
[WhiteTeam "Throw in the Tal 1"]
[BlackTeam "Iceni 2"]

1. d4 d5 2. c4 c6 3. Nc3 Nf6 4. Nf3 dxc4 5. e4 b5 6. Qc2 e6 7. a4 b4 8. Nd1 Ba6
9. Ne3 b3 10. Qb1 Bb4+ 11. Bd2 Bxd2+ 12. Kxd2 Qa5+ 13. Kd1 O-O 14. Nxc4 Qb4 15.
Ncd2 Rd8 16. Ra3 c5 17. Bxa6 Nxa6 18. Qd3 c4 19. Qc3 Rac8 20. Ke2 Qb7 21. Rc1
Nxe4 22. Nxe4 Qxe4+ 23. Qe3 Qd5 24. Qc3 h6 25. a5 Qb5 26. Ne5 Nb4 27. Rd1 Nc2
28. Raa1 Nxa1 29. Rxa1 Qd5 30. Nf3 Qe4+ 31. Kf1 f6 32. Re1 Qd5 33. Qb4 Rd6 34.
Re3 Ra6 35. Qe7 Rxa5 36. Rxe6 c3 37. Rd6 Qb5+ 38. Kg1 Ra1+ 39. Ne1 Re8 40. Rd8
Rxe1+ 0-1

[Event "4NCL Division 4 South"]
[Site "Telford, ENG"]
[Date "2016.03.19"]
[Round "7.176"]
[White "Donaghay, Richard H"]
[Black "Ireland, David J"]
[Result "0-1"]
[WhiteElo "1924"]
[BlackElo "1929"]
[PlyCount "60"]
[EventDate "2016.03.19"]
[WhiteTeam "Iceni 2"]
[BlackTeam "Throw in the Tal 1"]

1. e4 c5 2. Nc3 Nc6 3. g3 g6 4. Bg2 Bg7 5. d3 e6 6. Be3 Nd4 7. Nce2 Ne7 8. c3
Nxe2 9. Nxe2 Qc7 10. Qd2 h5 11. d4 d6 12. O-O-O b6 13. e5 d5 14. Kb1 Ba6 15. h3
Nf5 16. Bg5 Bh6 17. Bxh6 Nxh6 18. f4 Ke7 19. Ng1 Rac8 20. Nf3 Qc6 21. Qf2 Kd7
22. Nd2 cxd4 23. Qxd4 Nf5 24. Qf2 Qc5 25. Qe1 Bd3+ 26. Ka1 Ne3 27. Nb3 Nc2+ 28.
Kb1 Nxe1+ 29. Rxd3 Nxd3 30. Nxc5+ bxc5 0-1

[Event "4NCL Division 4 South"]
[Site "Telford, ENG"]
[Date "2016.03.19"]
[Round "7.177"]
[White "Price, Andrew"]
[Black "Collins, Jonathan"]
[Result "1-0"]
[WhiteElo "1892"]
[BlackElo "1897"]
[PlyCount "59"]
[EventDate "2016.03.19"]
[WhiteTeam "Throw in the Tal 1"]
[BlackTeam "Iceni 2"]

1. e4 Nc6 2. Nc3 e5 3. Bc4 Nf6 4. Nf3 Be7 5. d3 d6 6. a3 Bg4 7. Be3 Na5 8. Ba2
c5 9. h3 Bh5 10. Qd2 Bxf3 11. gxf3 Nc6 12. f4 exf4 13. Bxf4 Nd4 14. O-O-O Ne6
15. Be3 b5 16. Nd5 Nxd5 17. Bxd5 Rb8 18. f4 Bf6 19. Rde1 Nd4 20. Bxd4 Bxd4 21.
c3 Bf6 22. Qc2 b4 23. Qa4+ Kf8 24. Qxa7 Qe8 25. axb4 cxb4 26. c4 g6 27. h4 h5
28. e5 dxe5 29. fxe5 Bxe5 30. Rxe5 1-0

[Event "4NCL Division 4 South"]
[Site "Telford, ENG"]
[Date "2016.03.19"]
[Round "7.178"]
[White "Jones, Robert L"]
[Black "Marlow, Ben"]
[Result "0-1"]
[WhiteElo "1826"]
[BlackElo "1825"]
[PlyCount "72"]
[EventDate "2016.03.19"]
[WhiteTeam "Iceni 2"]
[BlackTeam "Throw in the Tal 1"]

1. e4 c5 2. a3 g6 3. b4 Bg7 4. Nc3 d6 5. Bb2 Nf6 6. d3 cxb4 7. axb4 O-O 8. Be2
Qb6 9. Na2 Nxe4 10. dxe4 Bxb2 11. Rb1 Bd4 12. Nf3 Bxf2+ 13. Kf1 Bg4 14. Nc3
Bxf3 15. Bxf3 e6 16. g3 Bd4 17. Ne2 Be5 18. Qd3 Nc6 19. c3 Rac8 20. Kg2 Rfd8
21. Qd2 Ne7 22. h4 d5 23. Qg5 dxe4 24. Bxe4 f6 25. Qh6 f5 26. h5 Bg7 27. Qg5
fxe4 28. Qxe7 Rd2 29. Rbe1 Rf8 30. Rhf1 Rxf1 31. Kxf1 Rd8 32. hxg6 hxg6 33. Nf4
Qb5+ 34. Kg2 Rd2+ 35. Kh3 Qf5+ 36. g4 Qxf4 0-1

[Event "4NCL Division 4 South"]
[Site "Telford, ENG"]
[Date "2016.03.19"]
[Round "7.179"]
[White "Ho, Marco"]
[Black "Collicott, Peter J"]
[Result "1/2-1/2"]
[WhiteElo "1855"]
[BlackElo "1758"]
[PlyCount "87"]
[EventDate "2016.03.19"]
[WhiteTeam "Throw in the Tal 1"]
[BlackTeam "Iceni 2"]

1. d4 e6 2. Nf3 d5 3. c4 c6 4. Nc3 f5 5. cxd5 exd5 6. g3 Nf6 7. Bg2 Bd6 8. O-O
O-O 9. Qc2 Ne4 10. Qb3 Nd7 11. Nxd5 Kh8 12. Nf4 Nb6 13. a4 a5 14. Rd1 Bxf4 15.
Bxf4 Nd5 16. Be5 Qe7 17. Nd2 Nxd2 18. Rxd2 Nb4 19. Qc3 Re8 20. e4 fxe4 21. Bxe4
Bg4 22. Re1 Qf7 23. Bg2 Be6 24. f4 Bd5 25. Qc5 Bxg2 26. Kxg2 Qd5+ 27. Qxd5 Nxd5
28. Rc2 Kg8 29. Kf3 g6 30. h4 Kf7 31. Rh1 h5 32. Rc5 Ke6 33. Re1 Kd7 34. Rc2
Rf8 35. Rce2 Rae8 36. g4 Rf7 37. gxh5 gxh5 38. Kg3 Rg8+ 39. Kh3 Nxf4+ 40. Bxf4
Rxf4 41. Re7+ Kc8 42. Rh7 Rf3+ 43. Kh2 Rf2+ 44. Kh3 1/2-1/2

[Event "4NCL Division 4 South"]
[Site "Telford, ENG"]
[Date "2016.03.19"]
[Round "7.180"]
[White "Usher, Michael E"]
[Black "Byrne, Nigel"]
[Result "1-0"]
[WhiteElo "1675"]
[BlackElo "1783"]
[PlyCount "85"]
[EventDate "2016.03.19"]
[WhiteTeam "Iceni 2"]
[BlackTeam "Throw in the Tal 1"]

1. b3 d6 2. Bb2 e5 3. e3 Nf6 4. d4 Nbd7 5. c4 Be7 6. Be2 O-O 7. Nf3 exd4 8.
Nxd4 Nc5 9. O-O Ne6 10. Nf5 Bd7 11. Nxe7+ Qxe7 12. Bd3 Nc5 13. Bc2 a5 14. Nc3
Rad8 15. Ne2 Bc6 16. Ng3 g6 17. Qd4 Ncd7 18. Qh4 Rfe8 19. Qg5 Ne4 20. Qxa5 b6
21. Qe1 Nxg3 22. hxg3 Be4 23. Qc3 f6 24. Bxe4 Qxe4 25. Rad1 Re6 26. Rd4 Qc6 27.
Qd2 Rde8 28. Qe2 Nc5 29. Qf3 Ne4 30. Rfd1 Qa8 31. a3 f5 32. Qe2 Nc5 33. Qc2 Ne4
34. b4 Qc6 35. Rc1 Qd7 36. Ba1 Qf7 37. Qb2 Qg7 38. a4 Ra8 39. Qb3 Qd7 40. Qb2
Qg7 41. Qb3 Qd7 42. c5 Qxa4 43. Qxe6+ 1-0

[Event "4NCL Division 4 South"]
[Site "Telford, ENG"]
[Date "2016.03.19"]
[Round "7.99"]
[White "Littlejohns, David P"]
[Black "Chan, Nevil"]
[Result "1/2-1/2"]
[WhiteElo "1998"]
[BlackElo "2019"]
[PlyCount "95"]
[EventDate "2016.03.19"]

1. e4 b6 2. d4 Bb7 3. Bd3 e6 4. Nf3 Nf6 5. Qe2 d5 6. e5 Nfd7 7. Bg5 Qc8 8. O-O
c5 9. c3 Ba6 10. Nbd2 Bxd3 11. Qxd3 c4 12. Qc2 Nc6 13. h3 h6 14. Be3 Ne7 15.
Nh2 g6 16. f4 h5 17. Rf2 Nf5 18. Ndf1 h4 19. Ng4 Be7 20. Re2 Kf8 21. Bf2 Kg7
22. Ree1 Qc7 23. Nfe3 Nxe3 24. Nxe3 b5 25. Rf1 Nb6 26. Be1 Qd7 27. Qe2 a5 28.
Qg4 Kf8 29. Bd2 Ra7 30. Rae1 Rh5 31. Rf2 Bd8 32. Ref1 Nc8 33. f5 exf5 34. Nxf5
Rxf5 35. Rxf5 gxf5 36. Bh6+ Ke7 37. Qg5+ Ke8 38. Qg8+ Ke7 39. Bf8+ Ke6 40. Rxf5
{The game went on to move 48 but became somewhat illegible at this point.}
40... Qe8 41. Qg4 Qxf8 42. Rf6+ Ke7 43. Qxc8 Rd7 44. Qc6 Qg8 45. Qxb5 Qg3 46.
Rxf7+ Kxf7 47. Qxd7+ Kg6 48. Qxd8 1/2-1/2

[Event "4NCL Division 4 South"]
[Site "Telford, ENG"]
[Date "2016.03.19"]
[Round "7.186"]
[White "Campbell, Mark C"]
[Black "Taylor, William J"]
[Result "1/2-1/2"]
[WhiteElo "1943"]
[BlackElo "1973"]
[PlyCount "210"]
[EventDate "2016.03.19"]
[WhiteTeam "Cambridge University 3"]
[BlackTeam "West is Best 2"]

1. e4 e5 2. Nf3 Nc6 3. Bb5 a6 4. Ba4 Nf6 5. O-O b5 6. Bb3 Bb7 7. Re1 Bc5 8. c3
d6 9. d4 Bb6 10. Bg5 h6 11. Bh4 g5 12. Bg3 O-O 13. dxe5 Nxe5 14. Nxe5 dxe5 15.
Nd2 Qe7 16. Qe2 Rad8 17. a4 Bc6 18. axb5 axb5 19. Bc2 b4 20. Nf3 Nd7 21. Qc4
Bb7 22. cxb4 Kg7 23. b5 f6 24. b4 Rfe8 25. Red1 Nf8 26. Bb3 Rxd1+ 27. Rxd1 Ng6
28. Kf1 Bc8 29. Ne1 Be6 30. Qxe6 Qxe6 31. Bxe6 Rxe6 32. Rd7+ Re7 33. Rd5 Re8
34. Rd7+ Re7 35. Rxe7+ Nxe7 36. Nc2 Nc8 37. f3 Nd6 38. Na3 Bd4 39. Bf2 Bb2 40.
Bc5 Nb7 41. Nc4 Bc3 42. b6 cxb6 43. Nxb6 Nxc5 44. bxc5 Bd4 45. Na4 Kf7 46. Ke2
Ke6 47. Kd3 Kd7 48. Nb6+ Kc6 49. Nd5 Kxc5 50. Nxf6 Bb2 51. g4 Bc1 52. Ng8 Bf4
53. h3 Kd6 54. Nxh6 Ke6 55. Nf5 Kf6 56. h4 gxh4 57. Nxh4 Bg5 58. Nf5 Bf4 59.
Kc4 Ke6 60. Kc5 Bd2 61. Kc6 Bf4 62. Ng7+ Kf7 63. Nh5 Bc1 64. Kd6 Bb2 65. f4
exf4 66. Nxf4 Kf6 67. Nd3 Ba3+ 68. Kd5 Kg5 69. Nf2 Be7 70. Ke6 Bd8 71. e5 Bb6
72. Ne4+ Kxg4 73. Kd7 Bd8 74. e6 Bh4 75. Nd6 Kf4 76. Nf7 Kf5 77. Nh6+ Kg6 78.
Ng4 Kf5 79. Ne3+ Ke5 80. Nc4+ Kf5 81. Nd2 Bg5 82. Nf3 Bf6 83. Nd4+ Ke5 84. Nc6+
Kf5 85. Ne7+ Ke5 86. Ng6+ Kf5 87. Nf8 Ke5 88. Ke8 Kf5 89. Kf7 Bh4 90. Ng6 Bg5
91. Ne7+ Ke5 92. Ng8 Kf5 93. Nh6+ Ke5 94. Ng4+ Kf5 95. Nh2 Bd8 96. Nf3 Bf6 97.
Nd4+ Ke5 98. Nc6+ Kf5 99. Ne7+ Ke5 100. Ng6+ Kf5 101. Nf8 Bh4 102. Nh7 Ke5 103.
Nf8 Kf5 104. Nd7 Bg5 105. e7 Bxe7 1/2-1/2

[Event "4NCL Division 4 South"]
[Site "Telford, ENG"]
[Date "2016.03.19"]
[Round "7.187"]
[White "Richardt, Mike"]
[Black "Phillips, William"]
[Result "1-0"]
[WhiteElo "2032"]
[BlackElo "1876"]
[PlyCount "79"]
[EventDate "2016.03.19"]
[WhiteTeam "West is Best 2"]
[BlackTeam "Cambridge University 3"]

1. d4 Nf6 2. c4 e6 3. Nc3 d5 4. Nf3 Be7 5. e3 O-O 6. Bd3 dxc4 7. Bxc4 c5 8. O-O
a6 9. Ne5 b5 10. Be2 Bb7 11. Bf3 Qc7 12. Bxb7 Qxb7 13. dxc5 Bxc5 14. Qf3 Qxf3
15. gxf3 Nfd7 16. Nd3 Nc6 17. Ne4 Be7 18. f4 Rfd8 19. b3 Nf6 20. Nec5 Bxc5 21.
Nxc5 Rd5 22. b4 Nxb4 23. Nb3 g5 24. Bb2 Ne4 25. f3 Nc5 26. Nxc5 Rxc5 27. a3 Nc2
28. Rac1 gxf4 29. exf4 Ne3 30. Rxc5 Nxf1 31. Kxf1 Rd8 32. Ke2 Kf8 33. Bf6 Rb8
34. Kd3 Ke8 35. Rc7 a5 36. Kc2 b4 37. a4 b3+ 38. Kb2 Rb4 39. Re7+ Kf8 40. Rd7
1-0

[Event "4NCL Division 4 South"]
[Site "Telford, ENG"]
[Date "2016.03.19"]
[Round "7.188"]
[White "Breed, Greg J"]
[Black "Hassall, Mark I"]
[Result "1/2-1/2"]
[WhiteElo "1793"]
[BlackElo "1949"]
[PlyCount "36"]
[EventDate "2016.03.19"]
[WhiteTeam "Cambridge University 3"]
[BlackTeam "West is Best 2"]

1. d4 e6 2. Nf3 b6 3. Bf4 Bb7 4. e3 f5 5. Bd3 Nf6 6. O-O Be7 7. c4 O-O 8. Nc3
Nh5 9. Bg3 f4 10. Bxf4 Nxf4 11. exf4 Rxf4 12. d5 exd5 13. Nxd5 Bxd5 14. cxd5
Bd6 15. g3 Rf7 16. Qe2 a5 17. Rae1 Qf6 18. Ne5 Bxe5 1/2-1/2

[Event "4NCL Division 4 South"]
[Site "Telford, ENG"]
[Date "2016.03.19"]
[Round "7.189"]
[White "Davies, Matthew"]
[Black "Ivanov, George"]
[Result "1-0"]
[WhiteElo "1956"]
[BlackElo "1675"]
[PlyCount "111"]
[EventDate "2016.03.19"]
[WhiteTeam "West is Best 2"]
[BlackTeam "Cambridge University 3"]

1. d4 Nf6 2. c4 e6 3. Nc3 d5 4. cxd5 exd5 5. Bg5 c6 6. e3 Bb4 7. Bd3 Be6 8.
Nge2 Nbd7 9. O-O O-O 10. Qc2 h6 11. Bh4 c5 12. a3 Ba5 13. dxc5 Nxc5 14. Bxf6
Qxf6 15. Nxd5 Bxd5 16. Qxc5 Qg5 17. Nf4 Bc6 18. Qxg5 hxg5 19. Ne2 Rad8 20. Nd4
Bb6 21. Nxc6 Rxd3 22. Ne5 Rb3 23. Nc4 Rc8 24. Rac1 Rc6 25. Rc2 Bc7 26. Rfc1 Rd3
27. g3 f5 28. Kf1 f4 29. Ke2 Rd5 30. Nd2 Rcd6 31. Ne4 Re6 32. Nxg5 Rxg5 33.
Rxc7 fxe3 34. fxe3 Rb5 35. b4 Rbe5 36. R1c3 Re7 37. h4 Rxe3+ 38. Rxe3 Rxc7 39.
Kf3 Kf7 40. Kf4 Kf6 41. g4 g6 42. Re4 Rh7 43. g5+ Kf7 44. Ke5 Rh8 45. Kd6 Rd8+
46. Kc7 Rd3 47. a4 b6 48. b5 Rd2 49. Kb8 Rd7 50. Rc4 Ke6 51. Rc6+ Kf5 52. Rf6+
Kg4 53. Rxg6 Kxh4 54. Rc6 Kxg5 55. Rc7 Rd6 56. Rxa7 1-0

[Event "4NCL Division 4 South"]
[Site "Telford, ENG"]
[Date "2016.03.19"]
[Round "7.195"]
[White "Gentry, Alan E"]
[Black "Willmoth, Robert F"]
[Result "0-1"]
[WhiteElo "1746"]
[BlackElo "2230"]
[PlyCount "96"]
[EventDate "2016.03.19"]
[WhiteTeam "Oxford 3"]
[BlackTeam "Barnet Knights 1"]

1. d4 Nf6 2. c4 e6 3. Nf3 d5 4. g3 Be7 5. Bg2 O-O 6. Nc3 c6 7. O-O Nbd7 8. cxd5
exd5 9. Bf4 Re8 10. Qc2 Nf8 11. Rad1 Ng6 12. Bg5 Ne4 13. Bxe7 Qxe7 14. e3 Bf5
15. Qb3 h5 16. Ne2 h4 17. Nf4 hxg3 18. fxg3 Nd6 19. Nxg6 Bxg6 20. Ne5 Bh7 21.
Rf4 f6 22. Ng4 Bf5 23. e4 Bxg4 24. Rxg4 Qe6 25. Bh3 f5 26. Rf4 dxe4 27. Qxe6+
Rxe6 28. Bxf5 Rf6 29. Bg4 Rxf4 30. gxf4 Rf8 31. d5 c5 32. Be6+ Kh7 33. f5 Nxf5
34. d6 Nd4 35. Bd5 e3 36. Re1 e2 37. Bxb7 Rd8 38. Ba6 Nf3+ 39. Kf2 Nxe1 40.
Kxe1 Rxd6 41. Bxe2 Kg6 42. Bc4 Kf5 43. h3 Ke4 44. b3 Ke3 45. a4 Rd2 46. Kf1 Kd4
47. Ke1 Rb2 48. Kd1 Kc3 0-1

[Event "4NCL Division 4 South"]
[Site "Telford, ENG"]
[Date "2016.03.19"]
[Round "7.197"]
[White "Kularatnam, Kaushalya"]
[Black "Chauhan, Pranay"]
[Result "0-1"]
[WhiteElo "1592"]
[BlackElo "2027"]
[PlyCount "114"]
[EventDate "2016.03.19"]
[WhiteTeam "Oxford 3"]
[BlackTeam "Barnet Knights 1"]

1. e4 e6 2. d4 d5 3. exd5 exd5 4. Nf3 Nc6 5. Be2 Bd6 6. O-O Bg4 7. Nc3 Nge7 8.
Re1 Qd7 9. Ng5 Bf5 10. Nf3 Nb4 11. Bd3 Nxd3 12. cxd3 f6 13. Nxd5 Bxh2+ 14. Kxh2
Qxd5 15. Bf4 c6 16. b3 Kf7 17. Rc1 b6 18. Rc2 Bg4 19. Rc4 Bxf3 20. Qxf3 Qxf3
21. gxf3 Rac8 22. Rec1 Rhd8 23. a4 Rd5 24. b4 Rcd8 25. Be3 g5 26. R1c3 Kg6 27.
Kg3 Nf5+ 28. Kg2 Nxd4 29. Bxd4 Rxd4 30. Rxc6 Rxb4 31. a5 bxa5 32. Ra6 a4 33.
Rxa7 Rbd4 34. Rcc7 h5 35. Rg7+ Kf5 36. Rgf7 R8d6 37. Ra5+ Kg6 38. Rfa7 Rxd3 39.
Rxa4 R6d4 40. Ra8 Rxa4 41. Rxa4 Kf5 42. Ra5+ Kf4 43. Ra4+ Ke5 44. Re4+ Kf5 45.
Ra4 g4 46. Ra5+ Kf4 47. Ra4+ Kg5 48. fxg4 hxg4 49. Ra5+ f5 50. Ra4 f4 51. Ra1
Rd2 52. Kg1 Kh4 53. Rf1 Kh3 54. Re1 g3 55. fxg3 Kxg3 56. Ra1 f3 57. Kf1 Rh2 0-1